000 00611nam a22002537a 4500
003 UA-OsUOA
001 26504
007 ta
008 20040604b un ||||| |||| 00| 0 ukr d
100 _aНемец О.Ф.
700 _aГофман Ю.В.
090 _a539(038)
_bН50
942 _cBK
040 _aUA-OsUOA
_brus
_cUA-OsUOA
_dUA-OsUOA
245 _aСправочник по ядерной физике
300 _a413 с.
955 _a0
041 _arus
080 _a539(038)
260 _aКиев
_bНаукова думка
_c1975
044 _aUA
650 7 _2UDC
999 _c312829
_d312829